000 00751nam a2200229 a 4500
005 20210223124404.0
008 010716s1996 mx r 000 0 spa d
020 _a847043800X
035 _aUPN01000111888
049 _aCG
050 4 _aHM134
_bP6.4 no.1.4 1996
100 1 _aRenes, Víctor
245 1 3 _aEl voluntariado social /
_cVíctor Renes, Elena Alfaro, Ofelia Ricciardelli.
260 _a2a ed.
260 _aMadrid :
_bCCS,
_c1996.
300 _a175 p. :
_bil.
440 0 _aPlan de formacion de animadores.
_pBloque 1.
_pEl hoy y el mañana de la animación.
_pEducación social ;
_v1.4
650 4 _aVOLUNTARIOS EN TRABAJO SOCIAL
_96199
700 1 _aAlfaro, Elena,
_ecoaut.
700 1 _aRiciardelli, Ofelia,
_ecoaut.
905 _aLibro
999 _c85796
_d85796